Statistics for India Immigration by Country

Click here to take the quiz!

General Stats

  • This quiz has been taken 242 times
  • The average score is 15 of 21

Answer Stats

# PeopleCountry of Origin% Correct
1,095,149Pakistan
98%
4,817United Kingdom
97%
2,694United States
96%
7,035China
96%
3,139,311Bangladesh
94%
153,643Sri Lanka
92%
537,517Nepal
91%
8,005Afghanistan
85%
6,580Bhutan
83%
50,081Myanmar
83%
1,625Canada
82%
1,688Iran
81%
2,125Germany
70%
12,317Malaysia
69%
4,431Saudi Arabia
61%
11,866United Arab Emirates
57%
4,186Singapore
52%
2,181Kazakhstan
42%
6,019Kuwait
37%
25,134Brunei
29%
2,356Kenya
28%

Score Distribution

Percentile by Number Answered

Percent of People with Each Score

Your Score History

You have not taken this quiz